| 000 | 00670nam a2200229 i 4500 | ||
|---|---|---|---|
| 003 | DO-SdBNP | ||
| 005 | 20230630100716.0 | ||
| 007 | ta | ||
| 008 | 230627b1998 dr ac||| |||| 00| 0 spa d | ||
| 040 |
_aDO-SdBNP _bspa _cBNPHU _erda |
||
| 082 | 4 |
_bV427 _222 |
|
| 245 | 1 | 0 | _a26 años de educación a distancia |
| 246 | _aveinti seis años de educación a distancia | ||
| 264 | 1 |
_aSanto Domingo : _bCENAPEC, _c1998. |
|
| 300 |
_a16 páginas : _bilustraciones, retratos ; _c30 cm. |
||
| 336 |
_2rdacontent _atexto _btxt |
||
| 337 |
_2rdamedia _asin mediación _bn |
||
| 338 |
_2rdacarrier _avolumen _bnc |
||
| 590 | _aInventariado, 2023/DG | ||
| 910 | _aDG | ||
| 942 |
_2ddc _cLF2 |
||
| 999 |
_c54020 _d54020 |
||